| 000 | 01391nam a2200229Ia 4500 | ||
|---|---|---|---|
| 003 | Ost | ||
| 005 | 20260507074903.0 | ||
| 008 | 260507s9999||||xx |||||||||||||| ||und|| | ||
| 040 | _cfsecg | ||
| 041 | _aara | ||
| 082 | _a331 | ||
| 100 |
_aإيرنبرج، رونالد _eمؤلف |
||
| 245 | 0 |
_aإقتصاديات العمل / _c رونالد إيرنبرج |
|
| 260 |
_aالرياض: _bدار المريخ للنشر, _c1994 |
||
| 300 |
_a622 صفحة؛ _bإيضاحات ؛ _c24 سم |
||
| 520 | _aنظرة شاملة على سوق العمل، الطلب على العمل، مرونات الطلب على العمل امتدادت نظرية الطلب، العرض الكلي للعمل، الأنتاج المنزلي والأسرة، الفروق التعويضية للأجور وأسواق العمل، الإستثمار في رأس المال البشري، التعليم والتدريب، انتقال العمال بين الوظائف والهجرة الإقليمية، موضوعات إقتصادية في التعويض، إتحادات العمال والمساومة الجماعية في القطاع الخاص، أسواق العمل للقطاع العام، البطالة | ||
| 653 | _aإقتصاديات العمل | ||
| 653 | _aالإستثمار | ||
| 653 | _aالعمل | ||
| 700 |
_aر.سميث، روبرت _eمؤلف ثانوي |
||
| 942 | _cكتاب | ||
| 999 |
_c41672 _d41672 |
||